Pavúky Slovenska slovenské názvoslovie, prehľad čeľadí a súčasné poznatky

Bibliographic Details
Main Authors: Gajdoš, Peter, 1957- (Author), Černecká, Ľudmila (Author), Franc, Valerian, 1963- (Author), Šestáková, Anna, 1984- (Author)
Format: Book
Language:Slovak
PhysicalDescription:169 strán farebné fotografie, tabuľky 24 cm
Published: Bratislava Veda 2018
ISBN:9788022416184
Edition:Vydanie prvé
Subjects:

MARC

LEADER 00000cam a2200000 4500
001 vtls011745452
003 SK-MaSNL
005 20260426000421.0
008 200205s2018 xo ol g n 001 0 slo
015 |a SNBA2018/05 
020 |a 9788022416184  |q (viazané) 
035 |a urn:nbn:sk:snk-am00d8nr 
035 |a urn:nbn:sk:snk-am3htez 
035 |a 897B7391-ACFD-4475-A472-1B76A835C0E3 
040 |a SNK  |b slo  |c SNK  |e rda 
041 0 |a slo  |b eng 
043 |a e-xo--- 
044 |a xo  |c SK 
072 7 |a 59  |x Zoológia  |2 konspekt 
080 |a (437.6)  |2 2011 
080 |a 595.44  |2 2011 
080 |a 595.4  |2 2011 
080 |a (048.8:082)  |2 2011 
100 1 |a Gajdoš, Peter,  |d 1957-  |4 aut  |9 113997 
245 1 0 |a Pavúky Slovenska  |b slovenské názvoslovie, prehľad čeľadí a súčasné poznatky  |c Peter Gajdoš, Ľudmila Černecká, Valerián Franc, Anna Šestáková 
246 3 1 |a Spiders of Slovakia 
250 |a Vydanie prvé 
264 1 |a Bratislava  |b Veda  |c 2018 
300 |a 169 strán  |b farebné fotografie, tabuľky  |c 24 cm 
336 |a text  |b txt  |2 rdacontent 
337 |a bez média  |b n  |2 rdamedia 
338 |a zväzok  |b nc  |2 rdacarrier 
504 |a Bibliografia na strane 132-138 ; bibliografické odkazy a poznámky ; register slovenských a vedeckých názvov ; zoznam autorov a autorov fotografií 
546 |a Anglické resumé 
650 0 7 |a pavúky  |2 SNKPH  |9 30429 
650 0 7 |a Spiders  |2 SNKPHeng  |9 412144 
650 0 7 |a pavúkovce  |2 SNKPH  |9 28768 
650 0 7 |a Arachnids  |2 SNKPHeng  |9 431770 
651 7 |a Slovensko  |2 SNKPHgeo  |9 14231 
651 7 |a Slovakia  |2 SNKPHeng  |9 92630 
655 7 |a kolektívne monografie  |2 SNKPH  |9 249850 
655 7 |a Collective monographs  |2 SNKPHeng  |9 125747 
700 1 |a Černecká, Ľudmila  |4 aut  |9 447181 
700 1 |a Franc, Valerian,  |d 1963-  |4 aut  |9 249856 
700 1 |a Šestáková, Anna,  |d 1984-  |4 aut  |9 242806 
852 |a Štátna vedecká knižnica v Banskej Bystrici 
919 |a 978-80-224-1618-4 
958 |a NB 
999 |c 855169  |d 857099 
952 |a SNK  |b SNK  |y PREZ  |7 0  |p 17A1324054  |o snkSC 179197  |i snk2018/8984  |8 0  |0 0  |1 0  |4 0  |d 2018-04-19  |f 1  |l 0  |r 2026-02-24 04:54:19  |w 2026-02-24 
952 |a SNK  |b SNK  |y VYP  |7 0  |p 17A1324055  |o snkSC 179197 D1  |i snk2018/8985  |8 0  |0 0  |1 0  |4 0  |d 2018-04-19  |l 0  |r 2026-02-24 04:54:19  |w 2026-02-24 
952 |t snkGAJ 59(437.6)  |a SNKUST  |b SNKUST  |y PREZ  |7 0  |p 17A1332688  |o snkSC 179197 D2  |i snk2018/14002  |8 3  |g 14.76  |0 0  |1 0  |4 0  |d 2018-06-28  |l 0  |r 2025-03-20 00:00:00  |w 2026-02-24